| 000 | 006250000a22001810004500 | ||
|---|---|---|---|
| 090 |
_aAR _b02783 |
||
| 245 | 1 | 0 | _aSeguimiento de la colonización en la Amazonia colombiana el caso de San José del Guaviare (<1978-1986>) |
| 650 | 1 | 4 |
_aProcesos de colonización _919643 |
| 650 | 1 | 4 |
_aImpacto ambiental _992215 |
| 650 | 1 | 4 |
_aSistemas de producción _992252 |
| 650 | 1 | 4 |
_aActividades extractivas _99322 |
| 651 | 4 |
_mSan José del Guaviare _dGuaviare _pColombia _992749 |
|
| 041 | 0 | _aEspañol | |
| 700 | 1 |
_aAndrade, Angela _911375 |
|
| 100 | 1 |
_aEtter R, Andrés _910765 |
|
| 942 | _cARTICULO | ||
| 773 | 1 |
_tPreprint _33 _q145-152 _d1987? |
|
| 999 |
_c11844 _d11844 |
||